000 01200nam1a2200277 4500
001 RU\NLR\BIBL_A\011615539
005 20250807190207.0
035 _a(NLR Aleph) 011615539
090 _a1393
_c1393
100 _a20250807 rusy50
101 0 _achv
102 _aRU
105 _aa z 000 y
200 1 _aАрифметика задачисемпе упражненисен кӗнеки
_eпуҫламӗш шк. ... валли
_fН. С. Попова
210 _aШупашкар
_cЧАССР гос. изд-ви
_d1941
215 _d22
541 1 _aСборник арифметических задач и упражнений
_eдля нач. шк.
_zrus
606 1 _aАрифметика
_xЗадачи
_jУчебные издания для начальной школы
_2nlr_sh1
_3RU\NLR\AUTH\6664596
689 1 _aВ10 я71
700 1 _aПопова
_bН. С.
_cпедагог-математик
_f1885-1975
_gНаталья Сергеевна
_3RU\NLR\AUTH\770198576
_4070
852 _aNLR
_bОНЛ
_jЧув./3-376
942 _cBOOK
945 _aРоссийская национальная библиотека
980 _aNB
980 _aBV